000 00337nam a2200133Ia 4500
008 150202s9999 xx 000 0 und d
020 _a553233246
050 _aFIC
_bFIC
100 _aPackard, Edward.
245 _aHyperspace /
_cEdward Packard.
260 _aNew York :
_c1983.
300 _a116 pages :
_c18 cm.
650 _aFiction.
999 _c282281
_d282281